| 000 | 00537nam a2200169Ia 4500 | ||
|---|---|---|---|
| 008 | 090201s9999 xx 000 0 und d | ||
| 010 | _aKPL-63105 | ||
| 040 | _bमराठी | ||
| 041 | _aमराठी | ||
| 082 |
_a14139 _b63105 |
||
| 100 | _aशिरीष कणेकर | ||
| 245 |
_aशिणेमा डॉट कॉम _cशिरीष कणेकर |
||
| 260 |
_c2004 _bदिलीप प्रकाशन |
||
| 300 |
_a157 _bमोठा |
||
| 600 | _aशिणेमा डॉट कॉम | ||
| 942 | _cBOOK | ||
| 999 |
_c214321 _d214321 |
||